01572nam a22002777a 4500999001500000003000900015008004100024020001700065040007100082082002200153100002100175245018700196260012200383300002800505505034900533650005100882650003700933650002900970650004200999700002901041710005101070710004601121942001601167945000901183952010201192 c8977d8977AR-CdUCM190327b ||||| |||| 00| 0 spa d a978997222221 aMUNICIPALIDAD PROVINCIAL DEL CUSCOcBIBLIOTECA MUNICIPAL DEL CUSCO a155.40985 / bP75 aPollitt, Ernesto aLa utilización de hitos motores en estudios poblacionales como indicadores del dasarrollo en niños menores de dos años : binforme técnico /cErnesto Pollitt, Jorge Bacallao. aLima : bOrganización Panamericana de la Salud : bOrganización Mundial de la Salud : b[Sinco Editores], c2009. a72 páginas ; c21 cm. aContenido: Implicaciones funcionales, éticas, económicas y sociales del rezago en el desarrollo infantil en el Perú -- Consideraciones generales: la naturaleza del desarrollo infantil y las restricciones que ésta impone en su evaluación con fines aplicados -- Principios y criterios para la selección del indicador de desarrollo ... aDesarrollo en niños - Investigación924891 aAptitud motora en niños924892 aNeuropsicología924893 aNutrición - Niños - Perú924894 aBacallao, Jorge .924895 aOrganización Panamericana de la Salud924896 aOrganización Mundial de la Salud924897 2ddccLIBROS alccs 002ddc4070aSHbSHcCARTd2019-03-27g30.00o155.40985 / P75pSH0000009777r2019-03-27yLIBROS